000
00289nam a2200109Ia 4500
008
200302s9999 xx 000 0 und d
100
_a
R. N. Sharma & Other
245
_a
Issues in Urban Development A Case of Navi Mumbai
260
_b
Rawat Publications
260
_c
2001
300
_a
336 P.,
999
_c
5606
_d
5606